000
00218nam a22000857a 4500
008
161111b xxu||||| |||| 00| 0 eng d
100
_9
1142
_a
Marti
245
_a
what is a tree
260
_a
new delhi
_b
national book trust
_c
2006
999
_c
3802
_d
3802